| 000 | 00486nam a22001817a 4500 | ||
|---|---|---|---|
| 003 | CEME | ||
| 005 | 20210628203401.0 | ||
| 008 | 210305b xxu||||| |||| 00| 0 eng d | ||
| 020 | _a0-333-54603-2 | ||
| 040 | _c. | ||
| 082 | _a808.84 CON | ||
| 100 |
_aConnor, Steven, Beckett, Samuel _965107 |
||
| 245 | _aWaiting for godot and endgame | ||
| 260 |
_aNEW YORK _bMACMILLAN PRESS _c1992 |
||
| 300 | _aIX,172P | ||
| 650 |
_aENGLISH LITERATURE-CRITICAL ESSAYS _923778 |
||
| 942 |
_cBK _2ddc |
||
| 999 |
_c573418 _d573418 |
||